000 00646nam a22002297a 4500
005 20170124105943.0
010 _aA-169704
020 _c33.00
035 _aA-169704
037 _bCen Lib/Ret
040 _aDPL
_bEN
082 _a331
_bKAU
100 _aKautilya
_911790
245 _aLabour welfare laws /
_cby Kautilya
250 _a2nd rev ed
260 _aBombay
_bC. Jamnadas
270 _bBombay
_a146 c, Shamaldas Gandhi Marg
_e400002
300 _axii, 312p.
_c23cm(Hb)
650 _aEmployees -- Legal status, laws, etc. -- India.
_973537
650 _aLabour Laws
_911791
942 _2ddc
_cEN
_h331
_mKAU
999 _c124738
_d124738